000 00603cam a22002051a 4500
001 f 01000353
003 DLC
005 20260227111237.0
008 810918m18791880fr 000 0 fre
010 _af 01000353
035 _a(OCoLC)7770332
040 _aDLC
_cNcWsW
_dNcWsW
_dDLC
042 _apremarc
050 0 0 _aPQ2315.Z5
_bA2
100 1 _aKarr, Alphonse,
_d1808-1890.
245 1 3 _aLe livre de bord :
_bsouvenirs, portraits, notes au crayon /
_cpar Alphonse Karr.
260 _aParis :
_bCalmann Lévy,
_c1879-1880.
300 _a4 v. ;
_c19 cm.
500 _aHalf-title : Œuvres complètes.
999 _c22411
_d22411